[Event "Pan American-ch U18"]
[Site "Guayaquil"]
[Date "2019.07.26"]
[Round "8"]
[White "Dirks, Ayden"]
[Black "Villagomez Muenala, Paul"]
[Result "1-0"]
[WhiteElo "1282"]
[BlackElo "1464"]
[PlyCount "74"]
[EventDate "2019.07.21"]
[EventType "swiss"]
[EventRounds "9"]
[EventCountry "ECU"]
[SourceTitle "EXT 2020"]
[Source "ChessBase"]
[SourceDate "2019.10.17"]
[SourceVersion "1"]
[SourceVersionDate "2019.10.17"]
[SourceQuality "1"]

1. e4 c5 2. Nf3 Nc6 3. d4 cxd4 4. Nxd4 Nf6 5. Nc3 e5 6. Ndb5 d6 7. Bg5 a6 8. Na3 b5 9. Nd5 Be7 10. Bxf6 Bxf6 11. c3 Bg5 12. Be2 0-0 13. Bg4 Kh8 14. Bxc8 Rxc8 15. Qg4 g6 16. h4 f5 17. Qxg5 Qxg5 18. hxg5 fxe4 19. Nf6 Rc7 20. Nxe4 d5 21. Nf6 d4 22. Nc2 dxc3 23. bxc3 Nd8 24. Nb4 Ne6 25. Nxa6 Rcf7 26. Ne4 Nf4 27. Nac5 Nxg2+ 28. Kf1 Ne3+ 29. Ke2 Nd5 30. Nd3 Nf4+ 31. Nxf4 Rxf4 32. Nf6 h5 33. Rad1 R4xf6 34. gxf6 Rxf6 35. Rd5 Ra6 36. Ra1 h4 37. Rxe5 h3 1-0